Allegories of pleasure and pain Oscar Wilde's Fairy tales of passion : [abstract] /

Elmentve itt :
Bibliográfiai részletek
Szerző: Melkó Emese
Testületi szerző: Országos Tudományos Diákköri Konferencia (37.)
További közreműködők: Wilde Oscar
Dokumentumtípus: Könyv része
Megjelent: Szegedi Tudományegyetem Bölcsészet- és Társadalomtudományi Kar Szeged 2025
Sorozat:Országos Tudományos Diákköri Konferencia : Humán Tudományi Szekció
Kulcsszavak:Angol irodalom története - 19. sz. - előadáskivonat, Műelemzés - előadáskivonat
Tárgyszavak:
Online Access:http://acta.bibl.u-szeged.hu/87657
LEADER 01011naa a2200229 i 4500
001 acta87657
005 20250530142944.0
008 250530s2025 hu o 100 eng d
020 |a 978-963-688-043-9 
040 |a SZTE Egyetemi Kiadványok Repozitórium  |b hun 
041 |a eng 
100 1 |a Melkó Emese 
245 1 0 |a Allegories of pleasure and pain  |h [elektronikus dokumentum] :  |b Oscar Wilde's Fairy tales of passion : [abstract] /  |c  Melkó Emese 
260 |a Szegedi Tudományegyetem Bölcsészet- és Társadalomtudományi Kar  |b Szeged  |c 2025 
300 |a 302 
490 0 |a Országos Tudományos Diákköri Konferencia : Humán Tudományi Szekció 
650 4 |a Bölcsészettudományok 
650 4 |a Nyelvek és irodalom 
695 |a Angol irodalom története - 19. sz. - előadáskivonat, Műelemzés - előadáskivonat 
700 0 1 |a Wilde Oscar 
710 |a Országos Tudományos Diákköri Konferencia (37.)  |c Szeged 
856 4 0 |u http://acta.bibl.u-szeged.hu/87657/1/otdk_2025_human_302.pdf  |z Dokumentum-elérés